Top 10 Richest and Poorest Countries in Asia - Statistics

General Stats
  • This quiz has been taken 167 times
  • The average score is 16 of 20
Answer Stats
GDP Answer % Correct
$131.580 Singapore
95%
$78.230 United Arab Emirates
92%
$53.050 South Korea
91%
$112.780 Qatar
88%
$55.370 Saudi Arabia
88%
$2.450 Afghanistan
85%
$57.420 Bahrain
85%
$68.730 Taiwan
85%
$2.070 Yemen
83%
$50.920 Kuwait
82%
$4.580 Nepal
81%
$74.950 Brunei
80%
$50.200 Israel
80%
$2.750 North Korea
79%
$6.370 Syria
78%
$4.630 Tajikistan
74%
$4.770 Myanmar
71%
$5.560 Kyrgyzstan
70%
$3.550 East Timor
69%
$5.490 Cambodia
68%
No matching quizzes found
Score Distribution
Percent of People with Each Score
Percentile by Number Answered
Your Score History
You have not taken this quiz